[Event "WCO 2016"]
[Site "?"]
[Date "2016.09.06"]
[Round "5"]
[Board "21"]
[WhiteID "11501723"]
[White "Faqeeh Rahaf"]
[BlackID "10800794"]
[Black "Jumba Gloria"]
[Result "0-1"]
[BlackElo "1591"]
[WhiteElo "1450"]
[LiveChessVersion "1.4.8"]

1. c4 c5 2. g3 Nf6 3. Nc3 Nc6 4. Bg2 d6 5. Nf3 g6 6. O-O Bg7 7. d3 O-O 8. Ng5 Bg4
9. Nge4 Nxe4 10. Nxe4 Qc8 11. Re1 Nd4 12. Nc3 Bd7 13. Rb1 Bc6 14. f3 Qf5 15. Bd2
Qh5 16. Nd5 Bxd5 17. cxd5 Qxd5 18. a3 Nc6 19. Bc3 Qe6 20. Qd2 f6 21. f4 d5 22. b4
d4 23. Ba1 cxb4 24. axb4 Qd7 25. Qa2+ Kh8 26. Qd5 Qxd5 27. Bxd5 Rad8 28. Bg2 Rd7
29. Rec1 e5 30. b5 Ne7 31. Bb2 exf4 32. gxf4 Bh6 33. Rc4 Bxf4 34. Ba3 Re8 35. Bf3
Nd5 36. Bxd5 Rxd5 37. Bc5 b6 38. Ba3 Rxe2 0-1

[Event "WCO 2016"]
[Site "?"]
[Date "2016.09.06"]
[Round "5"]
[Board "22"]
[WhiteID "10800310"]
[White "Wambugu Jane Wanjiru"]
[BlackID "11500522"]
[Black "Albzoor Anwar"]
[Result "0-1"]
[BlackElo "1570"]
[WhiteElo "1542"]
[LiveChessVersion "1.4.8"]

1. d4 d5 2. Bf4 e6 3. e3 Nf6 4. c3 Be7 5. Bd3 b6 6. Nd2 Bb7 7. h3 Nbd7 8. Ngf3
O-O 9. O-O c5 10. dxc5 Nxc5 11. Qc2 Rc8 12. Rac1 Nfe4 13. Bxe4 dxe4 14. Ne1 Ba6
15. c4 Nd3 16. Nxd3 Qxd3 17. b3 Bb7 18. Rfd1 Qxc2 19. Rxc2 Rfd8 20. Rcc1 Ba3 21.
Rb1 Bd6 22. Bxd6 Rxd6 23. Nf1 Rcd8 24. Rxd6 Rxd6 25. Rb2 Kf8 26. Nd2 Ke7 27. Kf1
f5 28. g3 g5 29. Rc2 a5 30. Ke1 Kd7 31. Nb1 h5 32. h4 gxh4 33. gxh4 e5 34. Rd2
Rxd2 35. Kxd2 Kd6 36. Nc3 Bc6 37. Ne2 Be8 38. Kc3 Kc5 39. a3 Bf7 40. Ng3 Bg6 41.
Nf1 Bf7 42. Ng3 Bg6 43. Nf1 Be8 44. b4+ axb4+ 45. axb4+ Kc6 46. Nd2 Kd6 47. b5
Kc5 48. Nb3+ Kd6 49. Kb4 Bf7 50. c5+ bxc5+ 51. Nxc5 Bd5 52. Na6 f4 53. Ka5 fxe3
54. fxe3 Be6 55. Kb6 Bc4 56. Nc5 Bd5 57. Nb7+ Ke6 58. Nc5+ Kf5 59. Kc7 Kg4 60.
Kd6 Ba8 61. Kxe5 Kxh4 62. Ne6 Kg4 63. Nf4 0-1

[Event "WCO 2016"]
[Site "?"]
[Date "2016.09.06"]
[Round "5"]
[Board "23"]
[WhiteID "11501880"]
[White "Faqeeh Aseel"]
[BlackID "10800514"]
[Black "Maina Purity"]
[Result "0-1"]
[BlackElo "1528"]
[WhiteElo "1488"]
[LiveChessVersion "1.4.8"]

1. d4 Nf6 2. c4 c6 3. Nc3 d5 4. b3 Bf5 5. Nf3 h6 6. e3 Nbd7 7. Be2 e6 8. O-O Bd6
9. c5 Bc7 10. Nh4 Bh7 11. f4 O-O 12. Nf3 Re8 13. Ne5 a5 14. Na4 Nxe5 15. fxe5 Ne4
16. Bh5 Rf8 17. Bb2 Qg5 18. Rf4 Bf5 19. h4 Qg3 20. Qf3 f6 21. Nc3 fxe5 22. Nxe4
Qxf3 23. Rxf3 Bxe4 24. Rxf8+ Rxf8 25. Rf1 exd4 26. exd4 Bg3 27. Bg4 Bh2+ 28. Kxh2
Rxf1 29. Bxe6+ Kf8 30. Bc8 Rf2 31. Bc3 Rxg2+ 32. Kh3 Rxa2 33. Bxb7 Bf5+ 34. Kg3
Bd7 35. Kf4 Ra3 36. Ke5 Ke7 37. h5 Rxb3 38. Bxc6 Bxc6 39. Bxa5 Rh3 40. Bc7 Rxh5+
41. Kf4 g5+ 42. Kg4 Rh4+ 43. Kf5 Rxd4 0-1

[Event "WCO 2016"]
[Site "?"]
[Date "2016.09.06"]
[Round "5"]
[Board "24"]
[WhiteID "10802886"]
[White "Joyce Nyaruai"]
[BlackID "11501642"]
[Black "Faqeeh Yara"]
[Result "1-0"]
[BlackElo "1499"]
[WhiteElo "1482"]
[LiveChessVersion "1.4.8"]

1. d4 Nf6 2. Nf3 g6 3. Bf4 Bg7 4. e3 O-O 5. Bd3 d6 6. Nbd2 Nbd7 7. h3 c5 8. O-O
b6 9. Bh2 Bb7 10. Rc1 Rc8 11. c3 Qc7 12. Bb1 Qc6 13. Re1 e5 14. Nc4 Ne8 15. dxe5
Nxe5 16. Ncxe5 Bxe5 17. Bxe5 dxe5 18. Re2 Nf6 19. Rd2 Qc7 20. Qc2 e4 21. Nh2 Rfd8
22. Rcd1 Kg7 23. a3 Qe7 24. b4 Rxd2 25. Qxd2 Rc7 1-0